Pomsta má svoj čas

Bibliographic Details
Main Author: Kluge, Alexander (Author)
Other Authors: Keníž, Alojz, 1952- (Translator)
Format: Article
Language:Slovak
Subjects:

MARC

LEADER 00000nab a2200000 a 4500
001 vtls000245131
003 SK-MaSNL
005 20260304074434.0
008 250422c1986 xo 0 slo
015 |a SNBRB19rr/mm-uuuuu 
035 |a CL0255245 
035 |a urn:nbn:sk:snk-abbfnd 
035 |a (urnnbn)urn:nbn:sk:snk:ar-004ief 
035 |a (uuid)d51af7df-90f4-4467-b56f-927643c43364 
040 |a SNKBUCL  |b slo  |c SNKBUCL  |e AACR2 
041 0 |a slo 
044 |a xo  |c SK 
080 |a 830-3  |2 1981 
100 1 |a Kluge, Alexander  |4 aut  |9 519066 
245 1 0 |a Pomsta má svoj čas  |c Alexander Kluge ; Alojz Keníž 
500 |a Informácia o autorovi. 
650 0 7 |a poviedky spoločenské  |2 snkbucl  |9 318463 
655 7 |a články z novín a časopisov  |2 snkbucl  |9 267496 
700 1 |a Keníž, Alojz,  |d 1952-  |4 trl  |9 92268 
773 0 |t Revue svetovej literatúry  |g Roč. 22, č. 3 (1986), s. 76-78 
850 |a Slovenská národná knižnica 
852 |a Slovenská národná knižnica 
958 |a article15 
958 |a OND 
958 |a RK 
958 |a LX 
958 |a DE 
958 |a EUIPO 
999 |c 2776186  |d 2778116